000 00867cam a2200145 4500500
005 20251228052419.0
041 _afre
042 _adc
100 1 0 _aFouéré, Marie-Aude
_eauthor
245 0 0 _aSPENCER, Paul. — The Samburu. A Study of Gerontocracy.   London-New York, Routledge, 2004 [1965] (with a new preface by Paul Spencer), 376 p. — The Maasai of Matapato.   London-New York, Routledge, 2004 [1988] (with a new preface by Paul Spencer), 296 p. — Time, Space and the Unknown.   Maasai Configurations of Power and Providence.   London-New York, Routledge and Kegan Paul, 2003, 304 p.
260 _c2005.
500 _a45
786 0 _nCahiers d'études africaines | 177 | 1 | 2005-03-01 | p. 257p-303p | 0008-0055
856 4 1 _uhttps://shs.cairn.info/revue-cahiers-d-etudes-africaines-2005-1-page-257p?lang=fr&redirect-ssocas=7080
999 _c1583496
_d1583496